000 00597nam a2200181Ia 4500
003 GCL
008 140319s9999 xx 000 0 ara d
040 _aGCL /
_cGCL
082 0 4 _a811.09
_bع ى
100 1 _aعطية حسن
245 1 0 _aيستلقى على دفء الصدف /
_cعطية حسن
260 _aالقاهرة :
_bالمجلس الاعلى للثقافة ،
_c2000
300 _a103 ص ؛
_c19 سم
650 0 4 _aالشعر العربى
650 0 4 _aالادب العربى
650 0 4 _aالشعر العربى - تاريخ ونقد - العصرالحديث
942 _2ddc
_cBK
999 _c610
_d610